Expert In A Dying Field - The Beths (Lyrics) - Statistics

General Stats
  • This quiz has been taken 14 times
  • The average score is 262 of 324
Answer Stats
Answer % Correct
a
100%
an
100%
An
100%
And
100%
and
100%
I
100%
Is
100%
is
100%
it
100%
never
100%
our
100%
we
100%
as
88%
be
88%
Can
88%
can
88%
do
88%
does
88%
dying
88%
expert
88%
Expert
88%
feel
88%
field
88%
For
88%
go
88%
How
88%
how
88%
in
88%
I've
88%
of
88%
the
88%
The
88%
this
88%
To
88%
to
88%
when
88%
you
88%
You
88%
All
75%
But
75%
but
75%
can't
75%
Can't
75%
deniability
75%
easy
75%
erase
75%
haven't
75%
heard
75%
history
75%
It's
75%
know
75%
Love
75%
my
75%
on
75%
over
75%
Plausible
75%
swear
75%
time
75%
us
75%
will
75%
you're
75%
age
63%
been
63%
burn
63%
close
63%
desolate
63%
door
63%
evidence
63%
exists
63%
forget
63%
here
63%
Hours
63%
learned
63%
let
63%
lines
63%
memorized
63%
notes
63%
page
63%
pain
63%
phrases
63%
pile
63%
rewind
63%
room
63%
still
63%
stop
63%
that
63%
They
63%
Thousands
63%
'Til
63%
touched
63%
we've
63%
with
63%
ah
50%
back
50%
bees
50%
birds
50%
both
50%
city
50%
clear
50%
come
50%
country
50%
flee
50%
flowers
50%
I'll
50%
memory
50%
other
50%
painted
50%
run
50%
took
50%
trees
50%
water
50%
worst
50%
year
50%
Maybe
38%
realities
38%
road
38%
twist
38%
No matching quizzes found
Score Distribution
Percent of People with Each Score
Percentile by Number Answered
Your Score History
You have not taken this quiz